| 000 | 01482 a2200385 4500 | ||
|---|---|---|---|
| 003 | OSt | ||
| 005 | 20180116192343.0 | ||
| 008 | 120529t xxu||||| |||| 00| 0 eng d | ||
| 010 | _a 2009923091 | ||
| 020 | _a9781851775903 (set) | ||
| 020 | _a1851775900 (set) | ||
| 020 | _a1851775846 (William Morris) | ||
| 020 | _a9781851775842 (William Morris) | ||
| 020 | _a1851775862 (Indian florals) | ||
| 020 | _a9781851775866 (Indian florals) | ||
| 020 | _a1851775870 (Digital pioneers) | ||
| 020 | _a9781851775873 (Digital pioneers) | ||
| 020 | _a1851775854 (Fifties) | ||
| 020 | _a9781851775859 (Fifties) | ||
| 035 | _a(OCoLC)ocn461264277 | ||
| 040 | _c0 | ||
| 082 | 0 | 4 | _a745.407 |
| 110 | 2 |
_aVictoria and Albert Museum. _92459 |
|
| 245 | 1 | 0 |
_aV&A pattern: _bthe Fifties/ _cVictoria and Albert Museum. |
| 260 |
_aLondon : _bV&A Pub., _cc2009. |
||
| 300 |
_a65 p. : _bchiefly col. ill. ; _c20 cm. + _eCD-ROMs (4 3/4 in.) |
||
| 500 | _aIn slip case. | ||
| 500 | _a"The patterns reproduced in this book are stored on the accompanying compact discs as jpeg files"--Colophon. | ||
| 505 | 0 | _a[1.] William Morris and Morris & Co. -- [2.] Indian florals -- [3.] Digital pioneers -- [4.] The fifties. | |
| 610 | 2 | 0 |
_aVictoria and Albert Museum _92460 |
| 650 | 0 |
_aRepetitive patterns (Decorative arts) _92461 |
|
| 650 | 1 | 0 |
_aDecorative arts _zLondon _zEngland. _92462 |
| 942 |
_aSADA _cBK _k745.407 VIC 2009 _2ddc |
||
| 999 |
_c352736 _d352736 |
||